Taylor Swift - Devine la chanson sans indices #74 - Statistiques

Statistiques générales
  • Ce quiz a été pris 198 fois
  • Le résultat moyen est 292 sur 453
Statistiques - réponses
Réponse % Correct
I
99%
you
99%
a
97%
Oh,
97%
the
97%
The
97%
we
92%
me?
91%
me
91%
me,
91%
an
90%
be
89%
to
88%
your
87%
in
86%
love
86%
it
85%
on
85%
When
84%
when
84%
and
83%
And
83%
what
82%
I'm
81%
like
81%
my
81%
of
81%
Of
81%
you're
80%
that
79%
was
78%
we're
78%
were
78%
who
78%
know
77%
us
77%
it's
76%
So
76%
this
76%
This
76%
say,
75%
say
75%
don't
74%
for
74%
Is
73%
is
73%
But
72%
but
72%
they
69%
all
67%
How
67%
how
67%
not
66%
are
65%
can
65%
never
63%
have
62%
I'll
60%
one
60%
think
60%
If
59%
Why
59%
end
58%
I'd
58%
I've
58%
would
58%
Now
57%
now
57%
now,
57%
story
57%
can't
56%
look
56%
should
56%
up
55%
'Cause
53%
day
53%
tell
53%
knew
52%
See
51%
see
51%
down
48%
you'd
48%
Yeah
47%
yeah
47%
at
46%
room
46%
out
44%
things
43%
alone
42%
looks
42%
saw
42%
"They're
42%
tragedy
42%
used
42%
here
41%
best
40%
crowded
40%
lot
40%
dying
39%
standing
39%
chapter
38%
killing
38%
next
38%
Next
38%
wish
38%
place
37%
way?
37%
even
36%
liked
36%
speaking
36%
twist
36%
better
35%
people
35%
than
35%
we'd
35%
heard
34%
many
34%
soon
34%
fall
33%
met
33%
miss
33%
side
32%
broke
31%
ending
31%
loud
31%
ones"
31%
quite
31%
silence
31%
since
31%
break
30%
doing
30%
instantly
30%
lucky
30%
might
30%
searching
30%
empty
28%
fate
28%
seat
28%
sparks
28%
spot
28%
looking
27%
nothing?
27%
page
27%
through
27%
flew
26%
hands
26%
act
25%
less
25%
mind
25%
simple
25%
care
24%
lead
24%
trying
24%
walls
24%
held
23%
pretending
23%
lately
22%
avoid
21%
contest
21%
starting
21%
complication
20%
going
20%
How'd
20%
fight
19%
pride
19%
rather
19%
armor
17%
lay
17%
losing
17%
battle's
15%
busy
15%
Miscommunications
15%
nervously
15%
scared
15%
clothes
10%
pulling
8%
Aucun quiz correspondant
Distribution des résultats
% des personnes avec chaque résultat
Percentile par nombre de réponses
Votre historique - résultats
Vous n’avez pas pris ce quiz